| 000 | 01485nam0a22003131 4500 | ||
|---|---|---|---|
| 001 | rc\3595488 | ||
| 005 | 20130115142621.1 | ||
| 035 | _a(NLR Aleph) 007704638 | ||
| 090 |
_a6784693 _c6784693 |
||
| 100 | _a20130115d1971 |||y0rusy50 ca | ||
| 101 | 0 | _arus | |
| 102 | _aRU | ||
| 105 | _aa z ||||| | ||
| 200 | 1 |
_aПриродные топливные ресурсы Украинской ССР и их использование _fГос. план. ком. Совета Министров УССР. Укр. науч.-исслед. ин-т науч.-техн. информации и техн.-экон. исследований. М-во угольной пром-сти УССР |
|
| 210 |
_aКиев _cБ. и. _d1971 |
||
| 215 |
_a67 с., 2 л. табл. _d22 |
||
| 300 | _aПеред загл. авт.: М.Е. Тихонов, В.Н. Кальченко, С.К. Полевой, А.Г. Шостак | ||
| 320 | _aБиблиогр.: с. 66 | ||
| 333 | _aДля служебного пользования | ||
| 532 | 1 | 2 | _aПриродные топливные ресурсы Украинской Советской Социалистической Республики и их использование |
| 701 | 1 |
_aКальченко _bВ. Н. |
|
| 701 | 1 |
_aПолевой _bС. К. |
|
| 701 | 1 |
_aШостак _bА. Г. |
|
| 701 | 1 |
_aТихонов _bМ. Е. |
|
| 801 | 0 |
_aRU _bNLR _gpsbo |
|
| 801 | 1 |
_aRU _bELAR _2rusmarc |
|
| 852 |
_aNLR _j71-50К/1265 |
||
| 942 | _cBOOK | ||
| 980 | _aNB | ||